| 000 | 00667nam a2200217Ia 4500 | ||
|---|---|---|---|
| 003 | IIN | ||
| 005 | 20240124152034.0 | ||
| 008 | 231217s9999 xx 000 0 und d | ||
| 020 |
_cRs.715.00 _a9788131253298 |
||
| 040 |
_aIIN _bEnglish |
||
| 082 |
_a610.73 _bSWE |
||
| 100 | 1 | _aSwearingen, Pamela L. | |
| 245 | 1 |
_aNursing Care Planning Resource: _bChild and Neonatal Health _cPamela L.Swearingen |
|
| 260 |
_bElsevier _aNew Delhi _c2018 |
||
| 300 | _axvi, 222 p. / V.3 | ||
| 500 | _a V.3 Title name: Child and Neonatal Health | ||
| 650 | 1 |
_aFoundation _vNursing |
|
| 650 | 1 | _aNursing Care Planning | |
| 650 | 1 | _aChild and Neonatal Health | |
| 942 | _cBOOK | ||
| 999 |
_c585 _d585 |
||